Sports Quiz

Random Sports or NBA Quiz

NBA Single Game Scoring by Team Quiz Stats

 Plays Quiz Updated Nov 15, 2018

Challenge
Share
Tweet
Embed
Score 0/149 Timer 10:00
55 Plays Today
Team Player % Correct
Cleveland CavaliersLeBron James
96.9%
Cleveland CavaliersLeBron James
96.9%
Cleveland CavaliersLeBron James
96.9%
Chicago BullsMichael Jordan
96.6%
Chicago BullsMichael Jordan
96.6%
Chicago BullsMichael Jordan
96.6%
Chicago BullsMichael Jordan
96.6%
Chicago BullsMichael Jordan
96.6%
Los Angeles LakersKobe Bryant
94.4%
Los Angeles LakersKobe Bryant
94.4%
Miami HeatLeBron James
93.4%
Golden State WarriorsWilt Chamberlain
92.9%
Golden State WarriorsWilt Chamberlain
92.9%
Los Angeles LakersWilt Chamberlain
92.9%
Golden State WarriorsWilt Chamberlain
92.9%
Golden State WarriorsWilt Chamberlain
92.9%
Golden State WarriorsWilt Chamberlain
92.9%
Philadelphia 76ersWilt Chamberlain
92.9%
Philadelphia 76ersWilt Chamberlain
92.9%
Philadelphia 76ersWilt Chamberlain
92.9%
Miami HeatLeBron James
91.1%
Boston CelticsLarry Bird
90.3%
Boston CelticsLarry Bird
90.2%
Dallas MavericksDirk Nowitzki
87.9%
Dallas MavericksDirk Nowitzki
87.9%
Orlando MagicShaquille O'Neal
86.7%
Indiana PacersJermaine O'Neal
85.9%
New Orleans PelicansAnthony Davis
85.1%
Minnesota TimberwolvesKevin Garnett
84.7%
Miami HeatDwyane Wade
83.2%
Miami HeatDwyane Wade
83.2%
New Orleans PelicansAnthony Davis
82.7%
Utah JazzKarl Malone
82.5%
Utah JazzKarl Malone
82.5%
Boston CelticsIsaiah Thomas
82.3%
Houston RocketsMoses Malone
82.1%
San Antonio SpursTim Duncan
81.4%
Brooklyn NetsVince Carter
81.3%
Toronto RaptorsVince Carter
81.3%
Toronto RaptorsVince Carter
81.3%
Cleveland CavaliersKyrie Irving
81.2%
Cleveland CavaliersKyrie Irving
80.2%
Toronto RaptorsDeMar DeRozan
80.1%
Houston RocketsJames Harden
79.1%
Oklahoma City ThunderRussell Westbrook
78.9%
Oklahoma City ThunderRussell Westbrook
78.8%
San Antonio SpursDavid Robinson
78.5%
Indiana PacersReggie Miller
76.4%
Atlanta HawksDominique Wilkins
76.2%
Atlanta HawksDominique Wilkins
76.2%
Team Player % Correct
Atlanta HawksDominique Wilkins
76.2%
Philadelphia 76ersAllen Iverson
76%
Philadelphia 76ersAllen Iverson
76%
Denver NuggetsAllen Iverson
76%
Charlotte HornetsGerald Wallace/Glen Rice/Jason Richardson/Kemba Walker
75.9%
New Orleans PelicansAnthony Davis
75.8%
Memphis GrizzliesMike Miller
75.7%
Portland Trail BlazersAndre Miller
75.7%
Houston RocketsJames Harden
75.6%
Charlotte HornetsLarry Johnson
75.3%
Orlando MagicTracy McGrady
75.2%
Orlando MagicTracy McGrady
75.2%
Orlando MagicTracy McGrady
75.2%
Orlando MagicTracy McGrady
75.2%
Memphis GrizzliesMarc Gasol
74.8%
Milwaukee BucksKareem Abdul-Jabbar
72%
Milwaukee BucksKareem Abdul-Jabbar
72%
Milwaukee BucksKareem Abdul-Jabbar
72%
Memphis GrizzliesPau Gasol
67.6%
Memphis GrizzliesPau Gasol
67.6%
Charlotte HornetsKemba Walker
66.4%
Phoenix SunsDevin Booker
66.1%
Brooklyn NetsDeron Williams
65.5%
Los Angeles ClippersFreeman Williams
64.6%
Brooklyn NetsRay Williams
64.6%
San Antonio SpursTony Parker
63.9%
New York KnicksCarmelo Anthony
59.1%
New Orleans PelicansAnthony Davis
58.9%
Charlotte HornetsGlen Rice
58.8%
Phoenix SunsAmare Stoudemire
56.9%
Los Angeles ClippersCharles Smith
56.1%
Boston CelticsKevin Mchale
55.1%
Washington WizardsBernard King, John Wall
54.2%
Detroit PistonsRichard Hamilton
54.1%
Sacramento KingsOscar Robertson
53.8%
Washington WizardsGilbert Arenas
53.6%
Washington WizardsGilbert Arenas
53.6%
Oklahoma City ThunderRussell Westbrook, Ray Allen, Kevin Durant
51.3%
San Antonio SpursGeorge Gervin
50.6%
San Antonio SpursGeorge Gervin
50.6%
Minnesota TimberwolvesKevin Love
50%
Denver NuggetsAlex English
48.6%
Los Angeles LakersElgin Baylor
47.9%
Los Angeles LakersElgin Baylor
47.9%
Toronto RaptorsTerrence Ross
47.3%
Minnesota TimberwolvesCorey Brewer
46.9%
Minnesota TimberwolvesKarl-Anthony Towns
44.6%
New York KnicksBernard King
44.6%
New York KnicksBernard King
44.6%
Charlotte HornetsStephen Jackson
44.5%
Team Player % Correct
Dallas MavericksJim Jackson
44.4%
Milwaukee BucksMichael Redd
43.4%
Denver NuggetsDavid Thompson
40.5%
Miami HeatGlen Rice
39.9%
Boston CelticsSam Jones
39.2%
Sacramento KingsDeMarcus Cousins
38.6%
Utah JazzPete Maravich
36.8%
Atlanta HawksBob Pettit
35%
Portland Trail BlazersBrandon Roy
33.9%
Minnesota TimberwolvesMo Williams
33.6%
Sacramento KingsDeMarcus Cousins
31.9%
Brooklyn NetsStephon Marbury
31.4%
Houston RocketsElvin Hayes
30.2%
Milwaukee BucksBrandon Jennings
29.8%
Utah JazzAdrian Dantley
29.5%
Utah JazzAdrian Dantley
29.5%
Detroit PistonsJerry Stackhouse
29.2%
New York KnicksAllan Houston
28.8%
Memphis GrizzliesMarc Gasol
26.4%
Los Angeles ClippersBob McAdoo
24.7%
Los Angeles ClippersBob McAdoo
24.7%
Los Angeles ClippersBob McAdoo
24.7%
Portland Trail BlazersDamian Lillard
23.7%
Phoenix SunsTom Chambers
23.3%
Phoenix SunsTom Chambers
23.3%
Portland Trail BlazersDamon Stoudamire
22.3%
Dallas MavericksJamal Mashburn
21.9%
New Orleans PelicansJamal Mashburn
21.9%
Dallas MavericksMark Aguirre
20.4%
Detroit PistonsDave Bing
20.3%
Washington WizardsEarl Monroe
19.5%
Sacramento KingsNate Archibald
17.8%
Houston RocketsCalvin Murphy
15%
Oklahoma City ThunderFred Brown
14.5%
Denver NuggetsKiki Vandeweghe
12.4%
Denver NuggetsMichael Adams
9.6%
Indiana PacersChuck Person
6.6%
Indiana PacersChuck Person
6.7%
Phoenix SunsTony Delk
6.3%
Detroit PistonsKelly Tripucka
5.4%
Sacramento KingsJack Twyman
5.1%
Indiana PacersBilly Knight
4.9%
New York KnicksRichie Guerin
3%
Atlanta HawksCliff Hagan
2.7%
Detroit PistonsGeorge Yardley
2.7%
Portland Trail BlazersGeoff Petrie (x2)
2.6%
Toronto RaptorsCharlie Villanueva
2.4%
Washington WizardsPhil Chenier
1.3%
Brooklyn NetsMike Newlin
0.9%

You're not logged in!

Compare scores with friends on all Sporcle quizzes.
OR
Log In

You Might Also Like...

Show Comments

Extras

Top Quizzes Today


Score Distribution

Your Account Isn't Verified!

In order to create a playlist on Sporcle, you need to verify the email address you used during registration. Go to your Sporcle Settings to finish the process.

Report this User

Report this user for behavior that violates our Community Guidelines.

Details: